Introduction to Agriscience DVD Series
Uloženo v:
| Médium: | Kniha |
|---|---|
| Jazyk: | Undetermined |
| Vydáno: |
New York
Thomson Delmar Learning
2006
|
| Témata: | |
| Tagy: |
Přidat tag
Žádné tagy, Buďte první, kdo otaguje tento záznam!
|
| Thư viện lưu trữ: | Trung tâm Học liệu Trường Đại học Cần Thơ |
|---|
| LEADER | 00585nam a2200169Ia 4500 | ||
|---|---|---|---|
| 001 | CTU_172156 | ||
| 008 | 210402s9999 xx 000 0 und d | ||
| 082 | |a 630.07 | ||
| 082 | |b I.61/CD.3 | ||
| 245 | 0 | |a Introduction to Agriscience DVD Series | |
| 245 | 0 | |c Delmar Learning | |
| 260 | |a New York | ||
| 260 | |b Thomson Delmar Learning | ||
| 260 | |c 2006 | ||
| 650 | |a Agriculture,Nông nghiệp,Life sciences,Khoa học đời sống,Natural resources,Tài nguyên thiên nhiên | ||
| 904 | |i Hồng Cẩm, Năm | ||
| 980 | |a Trung tâm Học liệu Trường Đại học Cần Thơ | ||